El compromiso social de la Universidad
Gorde:
| Egile nagusia: | |
|---|---|
| Formatua: | Liburua |
| Hizkuntza: | gaztelania |
| Argitaratua: |
Santiago
CPU
1973
|
| Gaiak: | |
| Etiketak: |
Etiketa erantsi
Etiketarik gabe, Izan zaitez lehena erregistro honi etiketa jartzen!
|
MARC
| LEADER | 00000nam a2200000 a 4500 | ||
|---|---|---|---|
| 001 | UCW5142 | ||
| 003 | CL-VaPUC | ||
| 008 | 901206e19730000CL |||||||||||||||||spa|d | ||
| 082 | 0 | 4 | |a 378.01 |b VER |2 21 |
| 100 | 0 | |a Vera Lamperein, José |e author |9 310031 | |
| 245 | 1 | 3 | |a El compromiso social de la Universidad |
| 300 | |a 122 p | ||
| 942 | |c BK | ||
| 945 | |d 19901206 00:00:00 | ||
| 260 | |a Santiago |b CPU |c 1973 | ||
| 650 | 0 | |a Educación superior |9 223851 | |
| 650 | 0 | |a Aspectos sociales |9 254894 | |
| 583 | |a last modification |c 20170727 04:30:00 |k Rodrigo Vera | ||
| 999 | |c 218647 |d 218645 | ||
| 952 | |0 0 |1 0 |4 0 |6 378_010000000000000_VER_1973 |7 0 |8 P |9 208515 |a BIBEDU |b BIBEDU |c BIBEDU_PB |d 2019-11-15 |i 2764180 |o 378.01 VER 1973 |p 2764180 |r 2024-01-25 |w 2019-11-15 |y BK |k EDU | ||
| 952 | |0 0 |1 0 |4 0 |6 378_010000000000000_VER_1973 |7 0 |8 P |9 208516 |a BIBEDU |b BIBEDU |c BIBEDU_PB |d 2019-11-15 |i 1560298 |o 378.01 VER 1973 |p 1560298 |r 2024-01-25 |w 2019-11-15 |y BK |k EDU | ||
| 952 | |0 0 |1 0 |4 0 |6 378_010000000000000_VER_1973 |7 0 |8 P |9 208517 |a BIBEDU |b BIBEDU |c BIBEDU_PB |d 2019-11-15 |i 1560301 |o 378.01 VER 1973 |p 1560301 |r 2024-01-25 |w 2019-11-15 |y BK |k EDU | ||
| 952 | |0 0 |1 0 |4 0 |6 378_010000000000000_VER_1973 |7 0 |8 P |9 208518 |a BIBEDU |b BIBEDU |c BIBEDU_PB |d 2019-11-15 |i 156031K |o 378.01 VER 1973 |p 156031K |r 2024-01-25 |w 2019-11-15 |y BK |k EDU | ||
| 952 | |0 0 |1 0 |4 0 |6 378_010000000000000_VER_1973 |7 0 |8 A |9 208519 |a BIBENE |b BIBENE |d 2019-11-15 |i 140136K |o 378.01 VER 1973 |p 140136K |r 2025-01-15 |w 2019-11-15 |y BK |k ICO | ||